Proyecciones sobre el papel de la administración pública costarricense en la década del 80
Salvato in:
| Autore principale: | |
|---|---|
| Natura: | testo |
| Pubblicazione: |
San José:
OFIPLAN
|
| Tags: |
Aggiungi Tag
Nessun Tag, puoi essere il primo ad aggiungerne!!
|
MARC
| LEADER | 00000 a a2200000 04500 | ||
|---|---|---|---|
| 001 | 15171 | ||
| 003 | |||
| 040 | |||
| 090 | |a 0002 P967p | ||
| 100 | |a Meoño Segura, Johnny | ||
| 245 | |a Proyecciones sobre el papel de la administración pública costarricense en la década del 80 | ||
| 260 | |a San José: |b OFIPLAN | ||
| 300 | |a 50 p. | ||
| 999 | |c 4810 |d 4810 | ||
